| 000 | 00553nam a2200169 i 4500 | ||
|---|---|---|---|
| 001 | 42761 | ||
| 003 | ES-MaACL | ||
| 005 | 20230906160656.0 | ||
| 007 | t| | ||
| 008 | 030313s1946 sp ||||1| spa d | ||
| 100 | 1 |
_aCereceda, Feliciano. _937480 |
|
| 245 | 1 | 0 |
_aSemblanza espiritual de Isabel la Cátólica / _cpor Feliciano Cereceda. |
| 260 |
_aMadrid : _bCultura Hispánica, _c1946 ( _fGráf. Ultra) |
||
| 300 |
_a284 p., 7 lám. : _b1 retr. ; _c23 cm. |
||
| 600 | 0 | 4 |
_aIsabel _bI, _cReina de Castilla- _xBiografías. _965523 |
| 852 |
_aES-MaACL _jC-3898 |
||
| 999 |
_c42761 _d42761 |
||